000 00960nam a2200253Ia 4500
003 OSt
005 20220923212524.0
006 a|||||r|||| 00| 0
007 ta
008 220922b |||||||| |||| 00| 0 hin d
024 _a153,754
037 _cTextual
040 _aARTS
_cARTS
_bhin
041 _2hin
_ahin
082 _aO152v2.C, L2
100 _aभार्गव, निर्मला
_9156271
245 0 _aवैदिक साहित्य एवं संस्कृति
_b ऋषियों के परिपार्श्व में
246 _aVaidik sāhitya evan sanskṛuti: ṛuṣhiyoan ke paripārshva mean
260 _aजयपुर
_b देजनागर प्रकाशन
_c1972
300 _a277] 34 पृ.
_ccm.
650 _aहिन्दी साहित्य
_9156264
942 _hO152v2.C, L2
_cTEXL
_2CC
999 _c309395
_d309395